Top 10 bramkarzy w FC 2025 - Statystyki

Ogólne statystyki
  • Ten quiz został rozwiązany 189 razy
  • Średni wynik to 9 z 10
Statystyki odpowiedzi
Piłkarz Narodowość Klub Ocena ogólna % Poprawnych
Alisson Brazylia Liverpool 89
96%
Gianluigi Donnarumma Włochy PSG 89
96%
Marc-André ter Stegen Niemcy FC Barcelona 89
93%
Ederson Brazylia Manchester City 88
92%
Jan Oblak Słowenia Atlético Madryt 88
92%
Emiliano Martínez Argentyna Aston Villa 87
90%
Gregor Kobel Szwajcaria Borussia Dortmund 88
82%
Thibaut Courtois Belgia Real Madryt 89
80%
Yann Sommer Szwajcaria Lombardia FC 87
77%
Mike Maignan Francja Milano FC 87
66%
Nie znaleziono quizów pasujących do podanych kryteriów
Rozkład punktacji
Procent ludzi z każdym wynikiem
Percentyl według liczby udzielonych odpowiedzi
Twoja historia wyników
Nie rozwiązałeś tego quizu